Statistics for Landmarks of U.S. States #1

Click here to take the quiz!

General Stats

  • This quiz has been taken 15,417 times
    (15,413 since last reset)
  • The average score is 16 of 30

Answer Stats

Landmark State % Correct
Empire State BuildingNew York
99%
Golden Gate BridgeCalifornia
98%
Washington MonumentWashington D.C.
88%
Statue of LibertyNew York
85%
The AlamoTexas
79%
WaikikiHawaii
78%
Space NeedleWashington
76%
South BeachFlorida
74%
Liberty BellPennsylvania
73%
GettysburgPennsylvania
72%
Mauna Kea Hawaii
71%
Mount RainierWashington
62%
Pike's PeakColorado
55%
DenaliAlaska
53%
Grand Ole Opry House Tennessee
52%
MonticelloVirginia
47%
Grand TetonWyoming
42%
Fort SumterSouth Carolina
41%
Crater LakeOregon
41%
Mackinac Bridge Michigan
35%
Mesa VerdeColorado
32%
Meteor CraterArizona
31%
Cape May LighthouseNew Jersey
31%
Cloud Gate (The Bean)Illinois
30%
Devil's TowerWyoming
30%
General Sherman TreeCalifornia
20%
Wall DrugSouth Dakota
20%
Bridges of Madison CountyIowa
19%
Shoshone FallsIdaho
17%
Bonaventure CemeteryGeorgia
9%

Score Distribution

Percentile by Number Answered

Percent of People with Each Score

Your Score History

You have not taken this quiz since the last reset